East Asian visions perspectives on economic development
Gespeichert in:
| Weitere Verfasser: | , , |
|---|---|
| Format: | Buch |
| Sprache: | Englisch |
| Veröffentlicht: |
Washington, D.C.
<The> World Bank
2007
|
| Schlagworte: | |
| Tags: |
Keine Tags, Fügen Sie das erste Tag hinzu!
|
MARC
| LEADER | 00000nam$a2200000$$$4500 | ||
|---|---|---|---|
| 001 | 0054622 | ||
| 005 | 20230120111844.9 | ||
| 020 | |a 978-0-8213-6745-2 | ||
| 020 | |a 0-8213-6745-5 | ||
| 041 | 0 | |a eng | |
| 044 | |a US | ||
| 245 | 1 | 0 | |a East Asian visions |b perspectives on economic development |c editors: Indermit Gill, Yukon Huang, Homi Kharas |
| 264 | 1 | |a Washington, D.C. |b <The> World Bank |c 2007 | |
| 300 | |a 358 s. | ||
| 610 | 2 | 0 | |a vývoj hospodársky |
| 610 | 2 | 0 | |a integrácia ekonomická medzinárodná |
| 610 | 2 | 0 | |a spolupráca medzinárodná |
| 610 | 2 | 0 | |a regióny |
| 610 | 2 | 0 | |a kooperácia |
| 610 | 2 | 0 | |a vidiek |
| 610 | 2 | 0 | |a globalizácia |
| 610 | 2 | 0 | |a filozofia |
| 610 | 2 | 0 | |a myslenie ekonomické |
| 610 | 2 | 0 | |a rast hospodársky |
| 610 | 2 | 0 | |a chudoba |
| 610 | 2 | 0 | |a korupcia |
| 610 | 2 | 0 | |a politika hospodárska |
| 610 | 2 | 0 | |a politika finančná |
| 610 | 2 | 0 | |a politika peňažná |
| 610 | 2 | 0 | |a vzťahy medzinárodné |
| 610 | 2 | 0 | |a prognózy hospodárske |
| 610 | 2 | 0 | |a východná Ázia |
| 610 | 2 | 0 | |a Čína |
| 700 | 1 | |a Gill, Indermit | |
| 700 | 1 | |a Huang, Yukon | |
| 700 | 1 | |a Kharas, Homi | |